ARRUPE JESUIT UNIVERSITY

CORONAVIRUS -STOP THE SPREAD - CLEAN,DISINFECT,COVER

Five hundred years rediscovered Southern African precedents and prospects (Record no. 2655)

MARC details
000 -LEADER
fixed length control field 00645nam a2200217Ia 4500
003 - CONTROL NUMBER IDENTIFIER
control field 0100
008 - FIXED-LENGTH DATA ELEMENTS--GENERAL INFORMATION
fixed length control field 130227s9999 xx 000 0 und d
040 ## - CATALOGING SOURCE
Transcribing agency ARRUPELIB
050 ## - LIBRARY OF CONGRESS CALL NUMBER
Classification number DT1008.A15
245 ## - TITLE STATEMENT
Title Five hundred years rediscovered Southern African precedents and prospects
245 ## - TITLE STATEMENT
Remainder of title 500 year initiative; 2007 conference proceedings
260 ## - PUBLICATION, DISTRIBUTION, ETC. (IMPRINT)
Name of publisher, distributor, etc Wits University Press
Place of publication, distribution, etc Johannesburg
Date of publication, distribution, etc 2008
300 ## - PHYSICAL DESCRIPTION
Extent 284p.
300 ## - PHYSICAL DESCRIPTION
Other physical details 23 cm
650 ## - SUBJECT ADDED ENTRY--TOPICAL TERM
Topical term or geographic name as entry element Africa, Southern
General subdivision History
-- Congresses
9 (RLIN) 30471
650 ## - SUBJECT ADDED ENTRY--TOPICAL TERM
Topical term or geographic name as entry element Africa, Southern
General subdivision Antiquities
-- Congresses
9 (RLIN) 30472
650 ## - SUBJECT ADDED ENTRY--TOPICAL TERM
Topical term or geographic name as entry element South Africa
General subdivision History
-- Congresses
9 (RLIN) 30473
650 ## - SUBJECT ADDED ENTRY--TOPICAL TERM
Topical term or geographic name as entry element South Africa
General subdivision Antiquities
-- Congresses
9 (RLIN) 30474
700 ## - ADDED ENTRY--PERSONAL NAME
Personal name Swanepoel, Natalie ; Esterhuysen, Amanda; Bonner, Philip (ed.)
9 (RLIN) 30475
942 ## - ADDED ENTRY ELEMENTS (KOHA)
Source of classification or shelving scheme Library of Congress Classification
Item type Monograph ( Printed materials)
Holdings
Withdrawn status Lost status Source of classification or shelving scheme Damaged status Not for loan Collection code Home library Current library Shelving location Date acquired Total Checkouts Full call number Barcode Date last seen Copy number Price effective from Koha item type
    Library of Congress Classification     Main Collection ARRUPE LIBRARY ARRUPE LIBRARY Main Collection 27/02/2013   DT1008.A15 46403640 07/12/2017 1 27/02/2013 Monograph ( Printed materials)
    Library of Congress Classification     SPECIAL Collection ARRUPE LIBRARY ARRUPE LIBRARY REFERENCE 24/01/2019   SPC DT1008.A15 46600003411 24/01/2019   24/01/2019 SPC

 

Arrupe Library. PO Box MP320 Mt Pleasant, Harare, Zimbabwe
263 242 745411|librarian@aju.ac.zw